| 000 | 01268cas a22003137c 4500 | ||
|---|---|---|---|
| 001 | 38396 | ||
| 003 | UA-OsUOA | ||
| 005 | 20230609113336.0 | ||
| 007 | ta | ||
| 008 | 200605c2009 un mr|p||00| 0 ukrcd | ||
| 040 |
_aUA-OsUOA _bukr _cUA-OsUOA _dUA-OsUOA |
||
| 041 | _aukr | ||
| 044 | _aUA | ||
| 080 | _a336 | ||
| 090 |
_a336 _bК14 |
||
| 099 | _a37620 | ||
| 110 | _aДержавна казначейська служба України | ||
| 245 |
_aКазна України _bвсеукраїнський науково-практичний журнал _cголова ред. ради Дуда В. П. |
||
| 260 |
_aКиїв _bПіраміда _c2009 |
||
| 310 | _aдва рази на квартал | ||
| 505 | _aДосвід роботи казначейських організацій. Методологія казначейського обслуговування бюджетів, бухгалтерського обліку та звітності у системі держуправління. | ||
| 650 | 7 |
_a336 _2UDC |
|
| 856 | _uhttps://www.treasury.gov.ua/ua/pro-kaznachejstvo/zhurnal-kazna | ||
| 942 |
_cMG _2udc _s1 |
||
| 955 | _a0 | ||
| 962 | _d2009 | ||
| 999 |
_c324554 _d324554 |
||